| 000 | 01009na a2200325 4500 | ||
|---|---|---|---|
| 001 | 17505 | ||
| 003 | MIRAKIL | ||
| 005 | 20181213155014.0 | ||
| 008 | 161025b tu 000 0 | ||
| 020 | _a9750200225 | ||
| 040 |
_aMilas _btur _cTR-AnCHP |
||
| 041 | _atur | ||
| 082 |
_a348.024 _bY44a 2005 |
||
| 090 | _a348.024 Y44a 2005 | ||
| 100 | _aYılmaz, Zekeriya | ||
| 245 |
_aAnayasa Türk Ceza Kanunu Ceza Muhakemesi Kanunu ilgili mevzuat _cZekeriya Yılmaz |
||
| 246 | _aCeza Muhakemesi Kanunu | ||
| 246 | _aTürk Ceza Kanunu | ||
| 250 | _a22. bs. | ||
| 260 |
_aAnkara _bSeçkin _c2005 |
||
| 300 |
_a766 s. _c14 sm. |
||
| 490 |
_aKanun Metinleri dizisi _v30 |
||
| 650 |
_aCeza muhakemesi usulü _xKanunlar _zTürkiye |
||
| 650 |
_aCeza hukuku _xKanunlar _zTürkiye |
||
| 650 |
_aAnayasa hukuku _xKanunlar _zTürkiye |
||
| 651 |
_aTürkiye _xCeza Muhakemeleri Kanunu (CMK), 2004 |
||
| 651 |
_aTürkiye _xTürk Ceza Kanunu (TCK), 2004 |
||
| 651 |
_aTürkiye _xAnayasa, 1982 |
||
| 942 |
_2ddc _cBKS |
||
| 999 |
_c4667 _d4667 |
||